000 00504nam a2200157Ia 4500
008 160316s1985 xxu||||| |||| 00| 0 eng d
082 _a307.760000
_bSAI
100 _aSaini N S
245 _aUrban development stratagies and techniques : Proceedings of short refresher course
250 _a
260 _aNew Delhi
_bSchool of planning & Architecture
_c1985
300 _a189p.
_b20 cm
_cvi
365 _bRs.30
650 _a1.Urban Development - Planning - Strategies - Techniques
700 _aMahavir
_a
999 _c1830
_d1830